ARRUPE JESUIT UNIVERSITY

CORONAVIRUS -STOP THE SPREAD - CLEAN,DISINFECT,COVER

Rome has spoken : (Record no. 120786)

MARC details
000 -LEADER
fixed length control field 01184cam a2200301 a 4500
001 - CONTROL NUMBER
control field 3087859
003 - CONTROL NUMBER IDENTIFIER
control field ARRUPE
005 - DATE AND TIME OF LATEST TRANSACTION
control field 20140908133518.0
008 - FIXED-LENGTH DATA ELEMENTS--GENERAL INFORMATION
fixed length control field 980526s1998 nyu b 001 0 eng
010 ## - LIBRARY OF CONGRESS CONTROL NUMBER
LC control number 98019447
020 ## - INTERNATIONAL STANDARD BOOK NUMBER
International Standard Book Number 0824517741 (pbk.)
040 ## - CATALOGING SOURCE
Original cataloging agency DLC
Transcribing agency DLC
Modifying agency DLC
050 00 - LIBRARY OF CONGRESS CALL NUMBER
Classification number BX1747.5
Item number .R66 1998
082 00 - DEWEY DECIMAL CLASSIFICATION NUMBER
Classification number 262.9/1
Edition number 21
300 ## - PHYSICAL DESCRIPTION
Dimensions 23 cm.
100 ## - MAIN ENTRY--PERSONAL NAME
Personal name Fiedler, Maureen
9 (RLIN) 11085
245 00 - TITLE STATEMENT
Title Rome has spoken :
Remainder of title a guide to forgotten papal statements and how they have changed through the centuries /
Statement of responsibility, etc Maureen Fiedler and Linda Rabben, editors.
260 ## - PUBLICATION, DISTRIBUTION, ETC. (IMPRINT)
Place of publication, distribution, etc New York :
Name of publisher, distributor, etc Crossroad,
Date of publication, distribution, etc c1998.
300 ## - PHYSICAL DESCRIPTION
Extent xi, 243 p. ;
504 ## - BIBLIOGRAPHY, ETC. NOTE
Bibliography, etc Includes bibliographical references (p. 225-233) and index.
610 20 - SUBJECT ADDED ENTRY--CORPORATE NAME
Corporate name or jurisdiction name as entry element Catholic Church
General subdivision Doctrines
-- History.
9 (RLIN) 11086
650 #0 - SUBJECT ADDED ENTRY--TOPICAL TERM
Topical term or geographic name as entry element Papal documents.
9 (RLIN) 11087
650 #0 - SUBJECT ADDED ENTRY--TOPICAL TERM
Topical term or geographic name as entry element Church and social problems
General subdivision Catholic Church
-- Papal documents.
9 (RLIN) 11088
700 1# - ADDED ENTRY--PERSONAL NAME
Personal name Fiedler, Maureen.
9 (RLIN) 11089
700 1# - ADDED ENTRY--PERSONAL NAME
Personal name Rabben, Linda,
Dates associated with a name 1947-
9 (RLIN) 11090
906 ## - LOCAL DATA ELEMENT F, LDF (RLIN)
a 7
b cbc
c orignew
d 1
e ocip
f 19
g y-gencatlg
942 ## - ADDED ENTRY ELEMENTS (KOHA)
Source of classification or shelving scheme Library of Congress Classification
Koha item type Monograph ( Printed materials)
Holdings
Withdrawn status Lost status Source of classification or shelving scheme Damaged status Not for loan Collection code Home library Current library Shelving location Date acquired Total Checkouts Full call number Barcode Date last seen Price effective from Koha item type
    Library of Congress Classification     Main Collection ARRUPE LIBRARY ARRUPE LIBRARY Main Collection 08/09/2014   BX1747.5 .R66 1998 46500001461 22/11/2017 08/09/2014 Monograph ( Printed materials)

 

Arrupe Library. PO Box MP320 Mt Pleasant, Harare, Zimbabwe
263 242 745411|librarian@aju.ac.zw